| 000 | 01234nam a2200349 i 4500 | ||
|---|---|---|---|
| 001 | 018476446 | ||
| 003 | EG-ScBUE | ||
| 005 | 20230216051004.0 | ||
| 008 | 170811t2018 enk f 001 0 eng d | ||
| 020 | _a9781292215341 (pbk.) | ||
| 020 | _a1292215348 | ||
| 040 |
_aStDuBDS _beng _erda _cStDuBDS _dEG-ScBUE |
||
| 082 | 0 | 4 |
_a658.45 _222 _bBOV |
| 100 | 1 |
_aBovée, Courtland L., _eauthor. |
|
| 245 | 1 | 0 |
_aBusiness communication today / _cCourtland L. Bovee, professor of business communication, C. Allen Paul Distinguished Chair, Grossmont College, John V. Thill, chairman and chief executive officer, global communication strategies. |
| 250 | _aFourteenth edition. | ||
| 250 | _aGlobal edition. | ||
| 264 | 1 |
_aHarlow, England : _bPearson Education Limited, _c[2018] |
|
| 264 | 4 | _cc2018 | |
| 300 |
_a702 pages ; _c28 cm |
||
| 336 |
_atext _2rdacontent _btxt |
||
| 337 |
_aunmediated _2rdamedia _bn |
||
| 338 |
_avolume _2rdacarrier _bnc |
||
| 500 | _aIncludes index. | ||
| 650 | 7 |
_aBusiness communication. _2BUEsh |
|
| 650 | 7 |
_aCommunication in organizations. _2BUEsh |
|
| 653 |
_bBUSADM _cFebruary2023 |
||
| 655 | _vReading book | ||
| 700 | 1 |
_aThill, John V., _eauthor. |
|
| 942 |
_2ddc _cBB |
||
| 999 |
_c30161 _d30132 |
||